[Event "33. Open Ciudad de San Sebastian"]
[Site "San Sebastián ESP"]
[Date "2010.03.29"]
[Round "2.30"]
[White "Martin Alvarez, Inigo"]
[Black "Lopez Heras, Arturo"]
[Result "1-0"]
[WhiteElo "2289"]
[BlackElo "2001"]
[PlyCount "113"]
[EventDate "2010.03.28"]
[EventType "swiss"]
[EventRounds "9"]
[EventCountry "ESP"]
[Source "lmi"]
[SourceDate "2010.03.28"]

1. e4 e5 2. Nf3 Nc6 3. d3 Bc5 4. Be2 Nge7 5. O-O O-O 6. c3 a5 7. d4 exd4 8.
cxd4 Bb6 9. d5 Nb4 10. a3 Na6 11. b4 d6 12. Qd2 axb4 13. axb4 Bd7 14. Na3 Ng6
15. Bb2 Qe7 16. Bd3 f6 17. Nc4 Ne5 18. Nfxe5 fxe5 19. Nxb6 cxb6 20. Rfc1 Qf6
21. Ra3 Rac8 22. Bxa6 bxa6 23. Rxa6 Rxc1+ 24. Bxc1 Qg6 25. Qe3 Rc8 26. h3 Bxh3
27. Qxh3 Rxc1+ 28. Kh2 h6 29. f3 Kf7 30. Rxb6 Qf6 31. Qf5 Qxf5 32. exf5 Ke7 33.
Rb7+ Kf6 34. Rd7 Rb1 35. Rxd6+ Kxf5 36. Rb6 e4 37. fxe4+ Kxe4 38. d6 Ke5 39. d7
Rd1 40. Rb7 Ke6 41. Kg3 g5 42. Kg4 Rd4+ 43. Kh5 Kf6 44. Rb6+ Kg7 45. Rg6+ Kf7
46. Kxh6 Ke7 47. Rg7+ Kd8 48. Kxg5 Rxb4 49. g4 Rb1 50. Kg6 Rg1 51. g5 Rh1 52.
Rh7 Rg1 53. Kh6 Rh1+ 54. Kg7 Rg1 55. g6 Rb1 56. Kg8 Rg1 57. g7 1-0

[Event "33. Open Ciudad de San Sebastian"]
[Site "San Sebastián ESP"]
[Date "2010.03.29"]
[Round "2.31"]
[White "Navarrete Espi, Samuel"]
[Black "Piasetski, Leon"]
[Result "0-1"]
[WhiteElo "1992"]
[BlackElo "2280"]
[PlyCount "84"]
[EventDate "2010.03.28"]
[EventType "swiss"]
[EventRounds "9"]
[EventCountry "ESP"]
[Source "lmi"]
[SourceDate "2010.03.28"]

1. e4 Nf6 2. e5 Nd5 3. d4 d6 4. c4 Nb6 5. exd6 exd6 6. Nc3 Nc6 7. Nf3 Bg4 8.
Be2 Qd7 9. b3 d5 10. c5 Nc8 11. O-O Be7 12. h3 Bf5 13. Be3 O-O 14. Qd2 a6 15.
g4 Be6 16. Ne5 Nxe5 17. dxe5 f6 18. Rad1 c6 19. exf6 Bxf6 20. f4 g6 21. f5 gxf5
22. Bh6 Bg7 23. gxf5 Bxf5 24. Bg4 Bxg4 25. Rxf8+ Kxf8 26. Rf1+ Kg8 27. Qg5 Bxh3
28. Rf3 Qg4+ 29. Rg3 Qxg5 30. Rxg5 Kf7 31. Rxg7+ Kf6 32. Rxb7 Ne7 33. Bg5+ Kxg5
34. Rxe7 Bf5 35. Rc7 d4 36. Na4 Rc8 37. Rg7+ Kf4 38. Nb6 Re8 39. Nc4 Re2 40.
Rg2 Rxg2+ 41. Kxg2 Be6 42. Na5 Ke3 0-1

[Event "33. Open Ciudad de San Sebastian"]
[Site "San Sebastián ESP"]
[Date "2010.03.29"]
[Round "2.32"]
[White "Hernandez, Elvis"]
[Black "Darrigues, Alain"]
[Result "1/2-1/2"]
[WhiteElo "2277"]
[BlackElo "1997"]
[PlyCount "109"]
[EventDate "2010.03.28"]
[EventType "swiss"]
[EventRounds "9"]
[EventCountry "ESP"]
[Source "lmi"]
[SourceDate "2010.03.28"]

1. e4 c5 2. Nf3 Nc6 3. c3 Nf6 4. e5 Nd5 5. d4 cxd4 6. Bc4 Nb6 7. Bb3 d6 8. exd6
Qxd6 9. O-O d3 10. Ng5 e6 11. Qh5 Nd8 12. Nxh7 Rg8 13. Ng5 Be7 14. Qh7 Kf8 15.
Rd1 f5 16. Qh3 Bxg5 17. Bxg5 Nf7 18. Be3 f4 19. Bxb6 Qxb6 20. Qxd3 Rh8 21. Nd2
Ne5 22. Qe4 Rh5 23. Nc4 Nxc4 24. Bxc4 Rf5 25. Rd2 Qc6 26. Qxc6 bxc6 27. Rd8+
Ke7 28. Rad1 Rf8 29. R8d6 Rb8 30. Rxc6 Rxb2 31. Bb3 a6 32. Rcd6 Rh8 33. R6d2
Rxd2 34. Rxd2 Bd7 35. Re2 Rc8 36. Rc2 a5 37. Rc1 a4 38. Bd1 Rb8 39. Kf1 Rb2 40.
Rc2 Rb1 41. Ke2 a3 42. c4 Bc6 43. f3 e5 44. Rd2 e4 45. fxe4 Bxe4 46. Bc2 Bxc2
47. Rxc2 Kd6 48. Kd3 Kc5 49. Rc3 Rb2 50. Rxa3 Rxg2 51. Ra5+ Kd6 52. a4 Rxh2 53.
Rf5 Ra2 54. a5 f3 55. Rxf3 1/2-1/2

[Event "33. Open Ciudad de San Sebastian"]
[Site "San Sebastián ESP"]
[Date "2010.03.29"]
[Round "2.33"]
[White "Tung, Siu Hung"]
[Black "Hagesaether, Ellen"]
[Result "0-1"]
[WhiteElo "1864"]
[BlackElo "2269"]
[PlyCount "84"]
[EventDate "2010.03.28"]
[EventType "swiss"]
[EventRounds "9"]
[EventCountry "ESP"]
[Source "lmi"]
[SourceDate "2010.03.28"]

1. e4 e5 2. Nf3 Nc6 3. Bb5 a6 4. Ba4 Nf6 5. O-O b5 6. Bb3 Be7 7. Re1 d6 8. d4
Nxd4 9. Nxd4 exd4 10. a4 Bb7 11. Bg5 c5 12. e5 dxe5 13. Rxe5 O-O 14. Nd2 c4 15.
Ba2 Qd6 16. Bf4 Bd8 17. Bg3 Qb4 18. Qc1 Ba5 19. Nf3 Bxf3 20. gxf3 Rfe8 21. b3
cxb3 22. Bxb3 d3 23. Qe3 Qc3 24. Rf1 d2 25. Rd1 Qc6 26. axb5 axb5 27. Kg2 Rxe5
28. Qxe5 Re8 29. Qd4 Bc3 30. Qd3 Re1 31. Rxd2 Bxd2 32. Qxd2 Qe8 33. Bh4 Nd7 34.
Qd5 Nb6 35. Qc5 Na4 36. Qd4 h6 37. Bg3 Qe2 38. f4 Qe4+ 39. Qxe4 Rxe4 40. Kf3
Nc5 41. Bd5 Re1 42. c3 Na4 0-1

[Event "33. Open Ciudad de San Sebastian"]
[Site "San Sebastián ESP"]
[Date "2010.03.29"]
[Round "2.34"]
[White "Nava Pereda, Carlos"]
[Black "Izagirre Alsua, Aritz"]
[Result "1-0"]
[WhiteElo "2254"]
[BlackElo "1820"]
[PlyCount "35"]
[EventDate "2010.03.28"]
[EventType "swiss"]
[EventRounds "9"]
[EventCountry "ESP"]
[Source "lmi"]
[SourceDate "2010.03.28"]

1. d4 f5 2. Nf3 g6 3. h4 Nf6 4. h5 Nxh5 5. Rxh5 gxh5 6. e4 d6 7. Ng5 c6 8.
Qxh5+ Kd7 9. Ne6 Qa5+ 10. Bd2 Qb6 11. Nc3 a5 12. Qxf5 Ke8 13. Qh5+ Kd7 14. g3
Bg7 15. Nxg7 Kd8 16. Na4 Qxd4 17. Bxa5+ Rxa5 18. Qxa5+ 1-0

[Event "33. Open Ciudad de San Sebastian"]
[Site "San Sebastián ESP"]
[Date "2010.03.29"]
[Round "2.36"]
[White "Acosta Garcia, Alfonso Carlos"]
[Black "Veras Sanz, Jose Antonio"]
[Result "1-0"]
[WhiteElo "2327"]
[BlackElo "1712"]
[PlyCount "51"]
[EventDate "2010.03.28"]
[EventType "swiss"]
[EventRounds "9"]
[EventCountry "ESP"]
[Source "lmi"]
[SourceDate "2010.03.28"]

1. d4 d5 2. c4 c6 3. Nf3 Nf6 4. Nc3 g6 5. e3 Bg7 6. Bd3 O-O 7. O-O dxc4 8. Bxc4
Bg4 9. h3 Bxf3 10. Qxf3 Nbd7 11. Rd1 Qc7 12. Bb3 e6 13. e4 Ne8 14. Bf4 Qb6 15.
Be3 Qc7 16. Rac1 a6 17. d5 Ne5 18. Qe2 Qe7 19. f4 Nd7 20. dxc6 bxc6 21. Na4 Nd6
22. Qd3 Nf5 23. exf5 exf5 24. Rxc6 Rad8 25. Rd6 Rfe8 26. Bf2 1-0

[Event "33. Open Ciudad de San Sebastian"]
[Site "San Sebastián ESP"]
[Date "2010.03.29"]
[Round "2.37"]
[White "Meneses Gonzalez, Kevin Moises"]
[Black "Espin Laborde, Jesus Maria"]
[Result "1-0"]
[WhiteElo "2117"]
[BlackElo "1796"]
[PlyCount "71"]
[EventDate "2010.03.28"]
[EventType "swiss"]
[EventRounds "9"]
[EventCountry "ESP"]
[Source "lmi"]
[SourceDate "2010.03.28"]

1. e4 c5 2. Nf3 d6 3. d4 cxd4 4. Nxd4 Nf6 5. Nc3 a6 6. Bg5 e6 7. f4 Be7 8. Qf3
Qc7 9. O-O-O Nc6 10. Nxc6 bxc6 11. e5 dxe5 12. fxe5 Nd5 13. Bxe7 Qxe7 14. Ne4
O-O 15. Bd3 f6 16. exf6 Nxf6 17. Rhf1 Nd5 18. Qh5 g6 19. Qe5 Rf5 20. Qd4 e5 21.
Qc5 Qxc5 22. Nxc5 Rf8 23. Rxf8+ Kxf8 24. Re1 Nf4 25. Be4 Rb8 26. Bxc6 Ke7 27.
Bf3 Kd6 28. Ne4+ Ke6 29. Nc3 Kf6 30. g3 Ne6 31. Nd5+ Kg7 32. Rxe5 Nd4 33. Bd1
Bf5 34. Ne3 Rd8 35. Nxf5+ gxf5 36. c3 1-0

[Event "33. Open Ciudad de San Sebastian"]
[Site "San Sebastián ESP"]
[Date "2010.03.29"]
[Round "2.39"]
[White "Vazquez Alvarez, Diego"]
[Black "Molina Rodriguez, Borja"]
[Result "0-1"]
[WhiteElo "1534"]
[BlackElo "1941"]
[PlyCount "60"]
[EventDate "2010.03.28"]
[EventType "swiss"]
[EventRounds "9"]
[EventCountry "ESP"]
[Source "lmi"]
[SourceDate "2010.03.28"]

1. Nf3 c5 2. c4 Nc6 3. Nc3 g6 4. d4 cxd4 5. Nxd4 Bg7 6. e3 Nf6 7. Bd2 O-O 8.
Bd3 Ne5 9. Qc2 Nxd3+ 10. Qxd3 d5 11. cxd5 Nxd5 12. Nxd5 Qxd5 13. O-O Rd8 14.
Qe2 e5 15. Nb3 Bf5 16. Qd1 Bd3 17. Re1 Rd7 18. Bc3 Rad8 19. Rc1 b6 20. f3 a5
21. e4 Qb5 22. Nd2 a4 23. b3 a3 24. Re3 Qc5 25. Qe1 Bh6 26. b4 Qxe3+ 27. Qxe3
Bxe3+ 28. Kh1 Bxd2 29. Bxd2 Bxe4 30. Bg5 Rd1+ 0-1

[Event "33. Open Ciudad de San Sebastian"]
[Site "San Sebastián ESP"]
[Date "2010.03.29"]
[Round "2.40"]
[White "Fernandez Lopez, Ivan"]
[Black "Nortes Hernandez, Pedro"]
[Result "0-1"]
[WhiteElo "1472"]
[BlackElo "1896"]
[PlyCount "60"]
[EventDate "2010.03.28"]
[EventType "swiss"]
[EventRounds "9"]
[EventCountry "ESP"]
[Source "lmi"]
[SourceDate "2010.03.28"]

1. d4 Nf6 2. Nf3 d5 3. Bf4 e6 4. e3 Be7 5. Bd3 O-O 6. O-O Nbd7 7. Nbd2 c5 8. c3
b6 9. Ne5 Bb7 10. Qf3 Re8 11. Qh3 h6 12. Ndf3 Bf8 13. g4 Nxe5 14. Nxe5 Ne4 15.
f3 Nf6 16. g5 hxg5 17. Bxg5 Be7 18. Bxf6 Bxf6 19. Qh7+ Kf8 20. Bb5 Ke7 21. Bxe8
Qxe8 22. Ng4 Qb5 23. Rab1 Ba6 24. Rf2 cxd4 25. exd4 Rc8 26. Qc2 Bxd4 27. Kg2
Bxf2 28. Kxf2 Rh8 29. Qd2 f6 30. b3 Qc5+ 0-1

[Event "33. Open Ciudad de San Sebastian"]
[Site "San Sebastián ESP"]
[Date "2010.03.29"]
[Round "2.41"]
[White "Bayrakdar Bianco, Philippe"]
[Black "D Anna Razzetti, Juan Pablo"]
[Result "1/2-1/2"]
[WhiteElo "1745"]
[BlackElo "1804"]
[PlyCount "106"]
[EventDate "2010.03.28"]
[EventType "swiss"]
[EventRounds "9"]
[EventCountry "ESP"]
[Source "lmi"]
[SourceDate "2010.03.28"]

1. e4 c5 2. Nf3 d6 3. d4 cxd4 4. Nxd4 Nf6 5. Nc3 e6 6. Bg5 a6 7. Bd3 Be7 8. Qd2
Nbd7 9. f4 Qc7 10. f5 e5 11. Nb3 b5 12. Bxf6 Nxf6 13. a3 Bb7 14. g4 Nxg4 15.
Rg1 Bh4+ 16. Ke2 h5 17. h3 Qb6 18. Bxb5+ axb5 19. hxg4 b4 20. axb4 hxg4 21.
Rxa8+ Bxa8 22. Rg2 g3 23. Nd5 Qb5+ 24. Qd3 Qxd3+ 25. cxd3 Bxd5 26. exd5 Rh5 27.
Nd2 Rxf5 28. Ne4 Kd7 29. b5 Rf4 30. b6 f5 31. b7 Kc7 32. Nxd6 g6 33. Ke3 Rb4
34. Nc4 f4+ 35. Kf3 Bf6 36. Na5 e4+ 37. dxe4 Rxb2 38. Rxb2 Bxb2 39. d6+ Kb8 40.
Nc6+ Kxb7 41. d7 Bf6 42. d8=Q Bxd8 43. Nxd8+ Kc8 44. Ne6 Kd7 45. Nxf4 g5 46.
Kxg3 gxf4+ 47. Kxf4 Ke6 48. e5 Ke7 49. Kf5 Kf7 50. e6+ Ke7 51. Ke5 Ke8 52. Kf4
Kf8 53. Kg5 Ke8 1/2-1/2

[Event "33. Open Ciudad de San Sebastian"]
[Site "San Sebastián ESP"]
[Date "2010.03.29"]
[Round "2.43"]
[White "Ciruelos Clerencia, Juan Manuel"]
[Black "Marholev, Dimitar"]
[Result "0-1"]
[WhiteElo "1773"]
[BlackElo "2423"]
[PlyCount "60"]
[EventDate "2010.03.28"]
[EventType "swiss"]
[EventRounds "9"]
[EventCountry "ESP"]
[Source "lmi"]
[SourceDate "2010.03.28"]

1. e4 e5 2. Nf3 Nc6 3. Bb5 g6 4. c3 a6 5. Ba4 d6 6. h3 Nf6 7. Bc2 Bg7 8. d4 O-O
9. O-O exd4 10. cxd4 Nb4 11. Nc3 Nxc2 12. Qxc2 Re8 13. Re1 c6 14. Bf4 d5 15.
exd5 Rxe1+ 16. Rxe1 cxd5 17. Bg5 Be6 18. Ne5 Qb6 19. Qd2 Ne4 20. Nxe4 dxe4 21.
Bh6 Bxh6 22. Qxh6 Qxd4 23. Ng4 Bxg4 24. hxg4 Qxb2 25. Re3 Qa1+ 26. Kh2 Re8 27.
a3 Qg7 28. Qg5 Qe5+ 29. Qxe5 Rxe5 30. f3 exf3 0-1

[Event "33. Open Ciudad de San Sebastian"]
[Site "San Sebastián ESP"]
[Date "2010.03.29"]
[Round "2.44"]
[White "Moreno Romero, Ernesto"]
[Black "Andonov, Bogomil"]
[Result "0-1"]
[WhiteElo "1739"]
[BlackElo "2304"]
[PlyCount "69"]
[EventDate "2010.03.28"]
[EventType "swiss"]
[EventRounds "9"]
[EventCountry "ESP"]
[Source "lmi"]
[SourceDate "2010.03.28"]

1. e4 c5 2. c3 d5 3. e5 Nc6 4. d4 Bf5 5. Nf3 e6 6. Bb5 Qb6 7. Bxc6+ bxc6 8. O-O
Be4 9. dxc5 Bxc5 10. b4 Bf8 11. Be3 Qc7 12. Nbd2 Ne7 13. Bc5 Ng6 14. Bxf8 Nxf8
15. Qa4 Bxf3 16. Nxf3 Nd7 17. Rfe1 O-O 18. Qc2 h6 19. Re3 Rfb8 20. a3 c5 21.
Rc1 a5 22. h3 cxb4 23. cxb4 Qxc2 24. Rxc2 axb4 25. axb4 Rxb4 26. Rc7 Rd8 27.
Ra3 Rc4 28. Rxc4 dxc4 29. Rc3 Rc8 30. Kf1 Rc5 31. g3 g5 32. g4 Kg7 33. Kg2 Nb6
34. Nd2 Rxe5 35. Nxc4 0-1

[Event "33. Open Ciudad de San Sebastian"]
[Site "San Sebastián ESP"]
[Date "2010.03.29"]
[Round "2.45"]
[White "Orube Bona, Andoni"]
[Black "Martinez Pelaez, David"]
[Result "1/2-1/2"]
[WhiteElo "1732"]
[BlackElo "1960"]
[PlyCount "53"]
[EventDate "2010.03.28"]
[EventType "swiss"]
[EventRounds "9"]
[EventCountry "ESP"]
[Source "lmi"]
[SourceDate "2010.03.28"]

1. e4 e5 2. Nf3 Nc6 3. d4 exd4 4. Nxd4 Nf6 5. Nxc6 bxc6 6. e5 Qe7 7. Qe2 Nd5 8.
c4 Ba6 9. b3 g6 10. f4 Bg7 11. Qf2 Nb4 12. Bb2 Bb7 13. a3 Na6 14. Be2 O-O 15.
O-O f6 16. e6 dxe6 17. Nd2 Rfd8 18. Rad1 Qc5 19. b4 Qxf2+ 20. Kxf2 Kf7 21. c5
Rd7 22. Nc4 Rad8 23. Na5 Rxd1 24. Rxd1 Rxd1 25. Bxd1 Ba8 26. g4 Nb8 27. h4
1/2-1/2

[Event "33. Open Ciudad de San Sebastian"]
[Site "San Sebastián ESP"]
[Date "2010.03.29"]
[Round "2.46"]
[White "Miguelez Garcia, Erlantz"]
[Black "Bas Sanchez, Jose Joaquin"]
[Result "1-0"]
[WhiteElo "1958"]
[BlackElo "1764"]
[PlyCount "83"]
[EventDate "2010.03.28"]
[EventType "swiss"]
[EventRounds "9"]
[EventCountry "ESP"]
[Source "lmi"]
[SourceDate "2010.03.28"]

1. c4 Nf6 2. Nc3 e5 3. g3 Nc6 4. Bg2 Bb4 5. d3 Bxc3+ 6. bxc3 O-O 7. e4 b6 8.
Nf3 Re8 9. O-O Bb7 10. Bg5 h6 11. Be3 Na5 12. Nh4 c6 13. Nf5 d5 14. c5 dxe4 15.
Nd6 Re7 16. dxe4 Ba6 17. Re1 Nc4 18. Nxc4 Bxc4 19. Qxd8+ Rxd8 20. cxb6 axb6 21.
Bxb6 Rd3 22. a4 Nd7 23. Ba5 Re8 24. Bf1 Nc5 25. Bb4 Nb3 26. Bxd3 Bxd3 27. Rad1
Bc4 28. Bd6 f6 29. f4 Kf7 30. Bc7 Re7 31. Bb6 g5 32. f5 Rb7 33. a5 Ke7 34. Kf2
h5 35. h3 Rb8 36. Ke3 Ra8 37. Rb1 h4 38. gxh4 gxh4 39. Rg1 Kf7 40. Rbd1 Nxa5
41. Ra1 Ra6 42. Bxa5 1-0

[Event "33. Open Ciudad de San Sebastian"]
[Site "San Sebastián ESP"]
[Date "2010.03.29"]
[Round "2.47"]
[White "Cendagortagalarza Rodriguez, Jo"]
[Black "Etxeberria Iriondo, Sabino"]
[Result "1/2-1/2"]
[WhiteElo "1685"]
[BlackElo "1958"]
[PlyCount "87"]
[EventDate "2010.03.28"]
[EventType "swiss"]
[EventRounds "9"]
[EventCountry "ESP"]
[Source "lmi"]
[SourceDate "2010.03.28"]

1. e4 e5 2. d4 exd4 3. Qxd4 Nc6 4. Qe3 Bb4+ 5. Nc3 Nf6 6. Bd2 d6 7. O-O-O Bg4
8. f3 Be6 9. Bb5 a6 10. Ba4 b5 11. Bb3 Bxb3 12. axb3 O-O 13. Nge2 Bc5 14. Qf4
a5 15. g4 a4 16. bxa4 b4 17. Nd5 Rxa4 18. b3 Nd4 19. Nxf6+ gxf6 20. Ng3 Ne6 21.
Qh6 Ra1+ 22. Kb2 Bd4+ 23. c3 bxc3+ 24. Bxc3 Ra2+ 25. Kxa2 Bxc3 26. Qc1 Qa8+ 27.
Kb1 Be5 28. Ne2 Qa1+ 29. Kc2 Qa2+ 30. Kd3 Rb8 31. Ke3 Rxb3+ 32. Kf2 Rb2 33.
Rhe1 Nf4 34. Qe3 Rb3 35. Qd2 Nd3+ 36. Qxd3 Rxd3 37. Rxd3 c5 38. Red1 c4 39.
R3d2 Qa7+ 40. Kg2 Qe3 41. Rc2 Bxh2 42. Kxh2 Qf2+ 43. Kh3 Qxf3+ 44. Kh2 1/2-1/2

[Event "33. Open Ciudad de San Sebastian"]
[Site "San Sebastián ESP"]
[Date "2010.03.29"]
[Round "2.48"]
[White "Tung, Kai Ming"]
[Black "Lazkano Gaite, Tomas"]
[Result "0-1"]
[WhiteElo "1957"]
[BlackElo "1741"]
[PlyCount "70"]
[EventDate "2010.03.28"]
[EventType "swiss"]
[EventRounds "9"]
[EventCountry "ESP"]
[Source "lmi"]
[SourceDate "2010.03.28"]

1. e4 c5 2. Nf3 Nc6 3. d4 cxd4 4. Nxd4 Nf6 5. Nxc6 bxc6 6. e5 Qa5+ 7. Nc3 Qxe5+
8. Be2 e6 9. O-O Qb8 10. Qd4 Be7 11. Bd3 O-O 12. Qh4 Qb4 13. Qh3 d5 14. a3 Qd6
15. Qh4 e5 16. Rd1 e4 17. Be2 Bf5 18. Bf4 Qd7 19. Qg3 Rad8 20. b4 Bd6 21. Na4
Bxf4 22. Qxf4 Bg4 23. Bxg4 Qxg4 24. Qc7 Qe2 25. Nc5 Qxc2 26. Qxa7 Ra8 27. Qb6
Rxa3 28. Rac1 Qe2 29. Qxc6 Ra7 30. Rf1 Ng4 31. Rce1 Qd2 32. Rd1 Qf4 33. g3 Qf3
34. Qxd5 Nxf2 35. Qa2 Nh3# 0-1

[Event "33. Open Ciudad de San Sebastian"]
[Site "San Sebastián ESP"]
[Date "2010.03.29"]
[Round "2.49"]
[White "Vicente Ezeiza, Mikel"]
[Black "Hernandez Lopez, Daniel"]
[Result "0-1"]
[WhiteElo "1674"]
[BlackElo "1955"]
[PlyCount "46"]
[EventDate "2010.03.28"]
[EventType "swiss"]
[EventRounds "9"]
[EventCountry "ESP"]
[Source "lmi"]
[SourceDate "2010.03.28"]

1. e4 c5 2. Nf3 Nc6 3. d4 cxd4 4. Nxd4 Nf6 5. Nc3 e5 6. Nxc6 bxc6 7. Bc4 Bb4 8.
Bd2 Bxc3 9. Bxc3 Nxe4 10. Bxe5 Qa5+ 11. Bc3 Nxc3 12. Bxf7+ Kxf7 13. Qf3+ Ke7
14. bxc3 Qe5+ 15. Kd2 Qd5+ 16. Qxd5 cxd5 17. Ke3 Ba6 18. Rhe1 Kd6 19. Rab1
Rhe8+ 20. Kd4 Rxe1 21. Rxe1 Rc8 22. Re3 Rc4+ 23. Kd3 Rf4+ 0-1

[Event "33. Open Ciudad de San Sebastian"]
[Site "San Sebastián ESP"]
[Date "2010.03.29"]
[Round "2.51"]
[White "Aizpurua Zufiria, Inaki"]
[Black "Arana Garate, Jon"]
[Result "0-1"]
[WhiteElo "1648"]
[BlackElo "1944"]
[PlyCount "54"]
[EventDate "2010.03.28"]
[EventType "swiss"]
[EventRounds "9"]
[EventCountry "ESP"]
[Source "lmi"]
[SourceDate "2010.03.28"]

1. d4 Nf6 2. Nf3 g6 3. Nc3 Bg7 4. e4 d6 5. Bf4 O-O 6. Be2 Nc6 7. h3 Nd7 8. Qd2
e5 9. dxe5 Ndxe5 10. Bh6 Be6 11. Bxg7 Kxg7 12. Nd4 Qf6 13. Nxe6+ fxe6 14. Rf1
a6 15. O-O-O b5 16. f4 Nf7 17. Bf3 e5 18. f5 Qg5 19. fxg6 hxg6 20. Kb1 Qxd2 21.
Rxd2 Nd4 22. Ne2 Nxf3 23. Rxf3 Ng5 24. Rxf8 Rxf8 25. Ng3 Nxe4 26. Nh5+ gxh5 27.
Rd1 Rf2 0-1

[Event "33. Open Ciudad de San Sebastian"]
[Site "San Sebastián ESP"]
[Date "2010.03.29"]
[Round "2.53"]
[White "Moreiro Sanchez, Silvestre"]
[Black "Severri Arrese, Carlos"]
[Result "0-1"]
[WhiteElo "1636"]
[BlackElo "1925"]
[PlyCount "70"]
[EventDate "2010.03.28"]
[EventType "swiss"]
[EventRounds "9"]
[EventCountry "ESP"]
[Source "lmi"]
[SourceDate "2010.03.28"]

1. e4 c5 2. Nc3 b6 3. g3 Bb7 4. Bg2 Nf6 5. d3 d6 6. Bg5 Nbd7 7. Nge2 h6 8. Bxf6
Nxf6 9. Nf4 e6 10. h4 Be7 11. Nh5 Nxh5 12. Qxh5 Bf6 13. Nd1 Rb8 14. Rb1 Qd7 15.
b3 b5 16. O-O g6 17. Qe2 b4 18. Ne3 h5 19. f4 Bd4 20. Kh2 Qe7 21. Bf3 Kd7 22.
Kg2 Rhg8 23. Rh1 Rg7 24. Rbg1 Qd8 25. Kf1 Qa5 26. g4 Ba6 27. gxh5 Qxa2 28. Rg2
Rbg8 29. f5 gxf5 30. exf5 Rxg2 31. Bxg2 Bxe3 32. fxe6+ fxe6 33. Qxe3 Qb1+ 34.
Kf2 Qxc2+ 35. Qe2 Rxg2+ 0-1

[Event "33. Open Ciudad de San Sebastian"]
[Site "San Sebastián ESP"]
[Date "2010.03.29"]
[Round "2.55"]
[White "Sanchez Merino, Christian"]
[Black "Kopischke, Maik"]
[Result "1-0"]
[WhiteElo "1623"]
[BlackElo "1911"]
[PlyCount "37"]
[EventDate "2010.03.28"]
[EventType "swiss"]
[EventRounds "9"]
[EventCountry "ESP"]
[Source "lmi"]
[SourceDate "2010.03.28"]

1. e4 d6 2. d4 g6 3. Nf3 Bg7 4. Bc4 Nf6 5. Nc3 O-O 6. O-O c6 7. Bb3 b5 8. a3
Nbd7 9. Re1 Qc7 10. e5 Ne8 11. e6 fxe6 12. Bxe6+ Kh8 13. Ng5 h6 14. Qd3 Ndf6
15. Re3 hxg5 16. Rh3+ Nh7 17. Qxg6 Nef6 18. Bxg5 Bxe6 19. Bxf6 1-0

[Event "33. Open Ciudad de San Sebastian"]
[Site "San Sebastián ESP"]
[Date "2010.03.29"]
[Round "2.57"]
[White "Gonzalez Pueyo, Patricia"]
[Black "Fuente San Sebastian, Ernesto"]
[Result "0-1"]
[WhiteElo "1610"]
[BlackElo "1897"]
[PlyCount "70"]
[EventDate "2010.03.28"]
[EventType "swiss"]
[EventRounds "9"]
[EventCountry "ESP"]
[Source "lmi"]
[SourceDate "2010.03.28"]

1. e4 Nf6 2. Nc3 d5 3. e5 Nfd7 4. d4 e6 5. Be3 c5 6. Nf3 Nc6 7. Bb5 a6 8. Bxc6
bxc6 9. dxc5 Bxc5 10. Qd2 Bxe3 11. Qxe3 c5 12. Qf4 O-O 13. O-O f6 14. Qg3 Nxe5
15. Nxe5 fxe5 16. Qxe5 Rf5 17. Qe2 e5 18. Rad1 Bb7 19. Ne4 Qe7 20. Ng3 Rf6 21.
f4 e4 22. f5 Qe5 23. c3 Raf8 24. Qg4 Bc8 25. Qe2 a5 26. Qd2 Rd6 27. Qf4 Qxf4
28. Rxf4 Rfd8 29. Re1 Bb7 30. Ne2 Ba6 31. g4 Rb8 32. b3 a4 33. Nc1 Ra8 34. Rd1
Re8 35. Ne2 Bxe2 0-1

[Event "33. Open Ciudad de San Sebastian"]
[Site "San Sebastián ESP"]
[Date "2010.03.29"]
[Round "2.58"]
[White "Nogues Fernandez, Ramon"]
[Black "Delgado Canton, Manuel"]
[Result "1-0"]
[WhiteElo "1894"]
[BlackElo "1620"]
[PlyCount "63"]
[EventDate "2010.03.28"]
[EventType "swiss"]
[EventRounds "9"]
[EventCountry "ESP"]
[Source "lmi"]
[SourceDate "2010.03.28"]

1. e4 e5 2. Nf3 Nc6 3. Bc4 Nf6 4. d3 Bc5 5. c3 d6 6. Nbd2 a6 7. b4 Ba7 8. O-O
Bg4 9. Re1 O-O 10. Nf1 Qd7 11. Ne3 h6 12. h3 Bh5 13. Qe2 Nh7 14. g4 Bxe3 15.
Bxe3 Bg6 16. Nh4 Kh8 17. Nf5 f6 18. Rad1 Bf7 19. a3 Ng5 20. Kg2 g6 21. Ng3 Be6
22. d4 Na7 23. d5 Bg8 24. Bd3 Nb5 25. Qb2 Kg7 26. a4 Na7 27. b5 axb5 28. axb5
Nc8 29. b6 c6 30. dxc6 Qxc6 31. Bb5 Ra2 32. Qb4 1-0

[Event "33. Open Ciudad de San Sebastian"]
[Site "San Sebastián ESP"]
[Date "2010.03.29"]
[Round "2.60"]
[White "Campos Urbaneja, Ricardo"]
[Black "Zaballa Zarzosa, Jon"]
[Result "0-1"]
[WhiteElo "1547"]
[BlackElo "1872"]
[PlyCount "40"]
[EventDate "2010.03.28"]
[EventType "swiss"]
[EventRounds "9"]
[EventCountry "ESP"]
[Source "lmi"]
[SourceDate "2010.03.28"]

1. e4 e5 2. Nf3 Nc6 3. Bb5 a6 4. Bxc6 dxc6 5. O-O Qf6 6. d4 exd4 7. Qxd4 Bg4 8.
Qxf6 Nxf6 9. Nfd2 Bc5 10. h3 Bh5 11. e5 Nd5 12. Nb3 Bb6 13. Re1 O-O-O 14. Bg5
f6 15. exf6 gxf6 16. Bh4 Rhg8 17. N1d2 Nf4 18. Bg3 Rxg3 19. Ne4 Rxg2+ 20. Kf1
Rdg8 0-1

[Event "33. Open Ciudad de San Sebastian"]
[Site "San Sebastián ESP"]
[Date "2010.03.29"]
[Round "2.63"]
[White "Buiza Prieto, Aizbeltz"]
[Black "Irulegi Garmendia, Jose Antonio"]
[Result "1-0"]
[WhiteElo "1812"]
[BlackElo "1503"]
[PlyCount "71"]
[EventDate "2010.03.28"]
[EventType "swiss"]
[EventRounds "9"]
[EventCountry "ESP"]
[Source "lmi"]
[SourceDate "2010.03.28"]

1. c3 Nf6 2. f4 c6 3. g3 d5 4. d3 Bf5 5. Bg2 Nbd7 6. Nf3 Qc7 7. Nh4 Bg4 8. Be3
e5 9. h3 Bh5 10. g4 exf4 11. Bf2 Bg6 12. Nd2 O-O-O 13. a4 Re8 14. O-O h5 15. g5
Nh7 16. Nxg6 fxg6 17. h4 Bd6 18. Nf3 Nhf8 19. a5 Ne6 20. Bxa7 Bc5+ 21. Bxc5
Ndxc5 22. b4 Na6 23. Qd2 Rhf8 24. Rfb1 b5 25. axb6 Qxb6+ 26. d4 Nec7 27. Ne5
Qb5 28. Bh3+ Kd8 29. Ra5 Qb7 30. Qd3 Nb5 31. Qxg6 Rxe5 32. dxe5 Nxc3 33. Qd6+
Ke8 34. Rxa6 Nxb1 35. Ra8+ Kf7 36. Qe6# 1-0

[Event "33. Open Ciudad de San Sebastian"]
[Site "San Sebastián ESP"]
[Date "2010.03.29"]
[Round "2.64"]
[White "Juaristi Izaga, Jose Ignacio"]
[Black "D'amade, Philippe"]
[Result "0-1"]
[WhiteElo "1489"]
[BlackElo "1810"]
[PlyCount "83"]
[EventDate "2010.03.28"]
[EventType "swiss"]
[EventRounds "9"]
[EventCountry "ESP"]
[Source "lmi"]
[SourceDate "2010.03.28"]

1. e4 e6 2. d4 d5 3. exd5 exd5 4. Bd3 Nf6 5. Nf3 Bd6 6. c3 O-O 7. O-O Bg4 8.
Bg5 Nbd7 9. Nbd2 c6 10. Re1 Qc7 11. Qc2 Rfe8 12. Bh4 Bh5 13. Bg5 Bg6 14. Bxg6
hxg6 15. Bh4 Nh5 16. Qd3 Nf4 17. Qf1 Nf6 18. Bg3 Ne4 19. Nxe4 dxe4 20. Nd2 f5
21. Re3 b5 22. c4 c5 23. d5 Be5 24. Rb1 Bd4 25. Ree1 b4 26. b3 g5 27. Rbc1 Qf7
28. Rc2 Nd3 29. h3 f4 30. Bh2 Nxf2 31. Re2 Nxh3+ 32. Kh1 Nf2+ 33. Rxf2 Bxf2 34.
Nxe4 Rxe4 35. Qxf2 Rae8 36. Rc1 Qe7 37. g3 Re2 38. Qf1 Qe4+ 39. Kg1 f3 40. Qh3
f2+ 41. Kf1 Qh1+ 42. Bg1 0-1